[Event "FRA-chT Top 16 Basse"]
[Site "Chartres"]
[Date "2024.06.09"]
[Round "4.32"]
[White "Lemonnier, Remi"]
[Black "Wohlers Armas, Friederike"]
[Result "1-0"]
[WhiteElo "2022"]
[BlackElo "1950"]
[PlyCount "45"]
[EventDate "2024.06.06"]
[EventType "team-tourn"]
[EventRounds "4"]
[EventCountry "FRA"]
[SourceTitle "CB24_2024"]
[SourceDate "2024.06.12"]
[SourceVersion "1"]
[SourceVersionDate "2024.06.12"]
[SourceQuality "1"]
[WhiteTeam "Paris Club 608"]
[BlackTeam "Medoc Lesparre"]
[WhiteTeamCountry "FRA"]
[BlackTeamCountry "FRA"]

1. d4 f5 2. Nc3 Nf6 3. Bg5 g6 4. h4 Bg7 5. h5 Nxh5 6. e4 0-0 7. Bc4+ Kh8 8. exf5 Rxf5 9. Qd2 Rxg5 10. Qxg5 Bxd4 11. g4 Bxc3+ 12. bxc3 Nf6 13. Nf3 e6 14. Ne5 Kg7 15. Qh6+ Kg8 16. Nxg6 Qe8 17. Bd3 Qf7 18. Ne5 Qg7 19. Qxg7+ Kxg7 20. g5 Nd5 21. Rxh7+ Kg8 22. Kd2 d6 23. Rah1 1-0

[Event "FRA-chT Top 12 (Women) GpA"]
[Site "Mulhouse"]
[Date "2022.04.10"]
[Round "5.1"]
[White "Wohlers Armas, Friederike"]
[Black "Dornbusch, Tatiana"]
[Result "0-1"]
[WhiteElo "1972"]
[BlackElo "2245"]
[PlyCount "72"]
[EventDate "2022.04.07"]
[EventType "team-tourn"]
[EventRounds "5"]
[EventCountry "FRA"]
[SourceTitle "CBM 207 Extra"]
[Source "ChessBase"]
[SourceDate "2022.05.31"]
[SourceVersion "1"]
[SourceVersionDate "2022.05.31"]
[SourceQuality "1"]
[WhiteTeam "Lesparre Medoc (W)"]
[BlackTeam "Monaco (W)"]
[WhiteTeamCountry "FRA"]
[BlackTeamCountry "MNC"]

1. d4 Nf6 2. c4 c5 3. d5 b5 4. cxb5 a6 5. bxa6 g6 6. Nc3 Bxa6 7. e4 Bxf1 8. Kxf1 d6 9. g3 Bg7 10. Nf3 Nbd7 11. Kg2 Ng4 12. h3 Nge5 13. Nxe5 Nxe5 14. f4 Nd7 15. a4 0-0 16. Re1 Qb6 17. Re2 Rfb8 18. Nb5 Qd8 19. Ra3 Nb6 20. b3 Qc8 21. Rc2 Qb7 22. Kh2 f5 23. exf5 gxf5 24. Rd2 c4 25. Qc2 cxb3 26. Qxf5 Qc8 27. Qb1 Nc4 28. Rxb3 Nxd2 29. Bxd2 Qc4 30. Qd3 Rxa4 31. Qxc4 Rxc4 32. Nxd6 Rxb3 33. Nxc4 Rd3 34. Be3 Rc3 35. Bc5 Rxc4 36. Bxe7 Bf8 0-1

[Event "FRA-chT Top 12 (Women) GpA"]
[Site "Mulhouse"]
[Date "2022.04.08"]
[Round "2.2"]
[White "Wohlers Armas, Friederike"]
[Black "Savina, Anastasia"]
[Result "0-1"]
[WhiteElo "1972"]
[BlackElo "2345"]
[PlyCount "104"]
[EventDate "2022.04.07"]
[EventType "team-tourn"]
[EventRounds "5"]
[EventCountry "FRA"]
[SourceTitle "CBM 207 Extra"]
[Source "ChessBase"]
[SourceDate "2022.05.31"]
[SourceVersion "1"]
[SourceVersionDate "2022.05.31"]
[SourceQuality "1"]
[WhiteTeam "Lesparre Medoc (W)"]
[BlackTeam "Vandoeuvre (W)"]
[WhiteTeamCountry "FRA"]
[BlackTeamCountry "FRA"]

1. d4 Nf6 2. c4 g6 3. Nc3 Bg7 4. e4 d6 5. f3 0-0 6. Be3 c5 7. dxc5 dxc5 8. e5 Nfd7 9. f4 Nc6 10. Nf3 f6 11. e6 Nb6 12. Bxc5 Bxe6 13. b3 Nd7 14. Be3 b6 15. Be2 Nc5 16. Nd4 Nxd4 17. Bxd4 Bf5 18. 0-0 Bc2 19. Qxc2 Qxd4+ 20. Kh1 f5 21. Nb5 Qxa1 22. Rxa1 Bxa1 23. Bf3 Rad8 24. h3 a6 25. Nc7 a5 26. Nd5 e6 27. Nxb6 Bd4 28. Qe2 Rd6 29. Na4 Nxa4 30. bxa4 Rb8 31. c5 Bxc5 32. Qc4 Be3 33. Kh2 Rbd8 34. Bd1 Kf7 35. Bb3 Bd2 36. h4 Bb4 37. Qc7+ R8d7 38. Qc8 Bd2 39. g3 Be3 40. Qh8 Rd2+ 41. Kh3 Bg1 42. Qxh7+ Kf6 43. Qh8+ Kf7 44. Qh7+ Kf6 45. Qh8+ Ke7 46. Qg7+ Kd8 47. Qh8+ Kc7 48. Qe5+ Kc8 49. Qh8+ Kb7 50. Bd5+ R7xd5 51. Qc3 Rd7 52. Qf3+ Kb6 0-1

[Event "GER-chT Laender Seniors 50+"]
[Site "Templin"]
[Date "2018.09.11"]
[Round "2.1"]
[White "Neuberger, Guido"]
[Black "Wohlers Armas, Friederike"]
[Result "1-0"]
[WhiteElo "2263"]
[BlackElo "1979"]
[PlyCount "91"]
[EventDate "2018.09.10"]
[EventType "team-tourn"]
[EventRounds "7"]
[EventCountry "GER"]
[SourceTitle "EXT 2020"]
[Source "ChessBase"]
[SourceDate "2019.10.17"]
[SourceVersion "1"]
[SourceVersionDate "2019.10.17"]
[SourceQuality "1"]
[WhiteTeam "Rheinland Pfalz"]
[BlackTeam "Schleswig Holstein"]
[WhiteTeamCountry "GER"]
[BlackTeamCountry "GER"]

1. d4 Nf6 2. Bf4 d6 3. e3 Bg4 4. Be2 Bxe2 5. Qxe2 Nbd7 6. Nf3 Nh5 7. Bg5 h6 8. Bh4 g5 9. Nfd2 Ng7 10. Bg3 Nf5 11. Nc3 c6 12. f4 gxf4 13. Bxf4 e5 14. Bg3 Nxg3 15. hxg3 exd4 16. exd4+ Qe7 17. Nde4 0-0-0 18. d5 f5 19. dxc6 bxc6 20. Qa6+ Kc7 21. Qxa7+ Kc8 22. Qa6+ Kc7 23. Qa5+ Kc8 24. Qxf5 d5 25. 0-0-0 dxe4 26. Nxe4 Qe5 27. Qg6 Kc7 28. Rh5 Rg8 29. Qf7 Qxe4 30. Qxg8 Be7 31. Qg7 Bg5+ 32. Kb1 Qe2 33. Rhh1 Kc8 34. Qc3 Qb5 35. Rd6 Kc7 36. Rhd1 Nb6 37. Qg7+ Kc8 38. Rxd8+ Bxd8 39. Qg4+ Kc7 40. a4 Qc5 41. Qf4+ Kc8 42. Qxh6 Nd5 43. Qe6+ Kb7 44. g4 Qb4 45. Rd3 Qxa4 46. Qd7+ 1-0

[Event "Villandry Lallemand Memorial op"]
[Site "Villandry"]
[Date "2017.06.10"]
[Round "1"]
[White "Grall, Alba"]
[Black "Wohlers Armas, Friederike"]
[Result "1/2-1/2"]
[WhiteElo "1870"]
[BlackElo "2450"]
[PlyCount "121"]
[EventDate "2017.06.10"]
[EventType "swiss (rapid)"]
[EventRounds "10"]
[EventCountry "FRA"]
[SourceTitle "EXT 2019"]
[Source "ChessBase"]
[SourceDate "2018.10.10"]
[SourceVersion "1"]
[SourceVersionDate "2018.10.10"]
[SourceQuality "1"]

1. e4 c5 2. d4 cxd4 3. c3 d3 4. Bxd3 Nc6 5. Nf3 d6 6. h3 g6 7. Be3 Bg7 8. Nbd2 Nf6 9. 0-0 0-0 10. Nb3 Qc7 11. Qc2 Bd7 12. Rac1 Rac8 13. Qe2 a6 14. Nbd4 e5 15. Nxc6 Bxc6 16. Bg5 h6 17. Bd2 Rfe8 18. c4 Nh5 19. Bb1 Nf4 20. Qe1 Qe7 21. Be3 Qf6 22. Qd1 g5 23. Nh2 Qg6 24. Qd2 b5 25. c5 dxc5 26. Bxc5 Bxe4 27. Bxe4 Qxe4 28. f3 Qe2 29. Rf2 Qxd2 30. Rxd2 Bf8 31. b4 Ne6 32. Rd5 Nxc5 33. bxc5 Rc6 34. Ng4 e4 35. Kf2 exf3 36. Kxf3 Rec8 37. g3 Kg7 38. Ne5 Rxc5 39. Rcd1 Rxd5 40. Rxd5 Rc5 41. Rxc5 Bxc5 42. Nd7 Ba7 43. Ke4 Kg6 44. Ne5+ Kf6 45. Nd7+ Ke6 46. Nf8+ Ke7 47. Nh7 Bf2 48. Kf3 Be1 49. Kg4 a5 50. h4 gxh4 51. gxh4 b4 52. Kf5 Bd2 53. Nf6 a4 54. Nd5+ Kd6 55. Nb6 b3 56. axb3 a3 57. Nc4+ Kc5 58. Nxa3 Kb4 59. Nc4 Bc1 60. Ne5 Kxb3 61. Nxf7 1/2-1/2

[Event "Hourtin Vins du Medoc op 2nd"]
[Site "Hourtin"]
[Date "2016.07.06"]
[Round "6"]
[White "Wohlers Armas, Friederike"]
[Black "Grelier, Gilles"]
[Result "1/2-1/2"]
[WhiteElo "1987"]
[BlackElo "1802"]
[PlyCount "64"]
[EventDate "2016.07.02"]
[EventType "swiss"]
[EventRounds "9"]
[EventCountry "FRA"]
[SourceTitle "EXT 2019"]
[Source "ChessBase"]
[SourceDate "2018.10.10"]
[SourceVersion "1"]
[SourceVersionDate "2018.10.10"]
[SourceQuality "1"]

1. d4 d5 2. c4 e5 3. dxe5 d4 4. Nf3 Nc6 5. a3 Nge7 6. b4 Ng6 7. Bb2 Ngxe5 8. Nxe5 Nxe5 9. e3 Be6 10. Bxd4 Nxc4 11. Qc2 Nd6 12. Bd3 Be7 13. Nd2 Bf6 14. Bxf6 Qxf6 15. 0-0 Rc8 16. Ne4 Nxe4 17. Bxe4 c6 18. Qc5 a6 19. Rac1 Qe7 20. Qc2 h6 21. Rfd1 0-0 22. Rd4 Rfd8 23. Rcd1 Rxd4 24. Rxd4 Rd8 25. Qd2 Rxd4 26. Qxd4 Qd7 27. Kf1 Qxd4 28. exd4 Kf8 29. Ke2 Ke7 30. f4 Kd6 31. Ke3 Bc4 32. f5 f6 1/2-1/2

[Event "Troyes Lallemand Memorial op"]
[Site "Troyes"]
[Date "2014.06.14"]
[Round "3"]
[White "Leriche, Ines"]
[Black "Wohlers Armas, Friederike"]
[Result "1/2-1/2"]
[WhiteElo "1902"]
[BlackElo "2023"]
[PlyCount "72"]
[EventDate "2014.06.14"]
[EventType "swiss (rapid)"]
[EventRounds "9"]
[EventCountry "FRA"]
[SourceTitle "EXT 2015"]
[Source "ChessBase"]
[SourceDate "2014.11.20"]
[SourceVersion "1"]
[SourceVersionDate "2014.11.20"]
[SourceQuality "1"]

1. d4 Nf6 2. c4 a6 3. Nc3 g6 4. e4 d6 5. Nf3 Bg7 6. h3 0-0 7. Bg5 h6 8. Be3 c6 9. Be2 b5 10. a3 bxc4 11. Bxc4 a5 12. Bd3 Ba6 13. Bxa6 Nxa6 14. g4 Rb8 15. Qd2 Kh7 16. g5 Ng8 17. gxh6 Bxh6 18. Ng5+ Kg7 19. h4 Qd7 20. d5 cxd5 21. exd5 Nc7 22. h5 f6 23. Nf3 Qf5 24. Bxh6+ Nxh6 25. hxg6 Rh8 26. Qe3 e6 27. Nd4 Qe5 28. Qxe5 fxe5 29. Nxe6+ Nxe6 30. dxe6 Rxb2 31. Ne4 d5 32. Ng5 Rc8 33. Nf7 Rcc2 34. Rxh6 Re2+ 35. Kd1 Rbd2+ 36. Kc1 Rc2+ 1/2-1/2

[Event "BL2 West 1314 (Women)"]
[Site "Germany"]
[Date "2013.12.01"]
[Round "2.4"]
[White "Wohlers Armas, Friederike"]
[Black "Sokalska, Viktorija"]
[Result "0-1"]
[WhiteElo "2036"]
[BlackElo "1990"]
[PlyCount "44"]
[EventDate "2013.11.30"]
[EventType "team-tourn"]
[EventRounds "7"]
[EventCountry "GER"]
[SourceTitle "EXT 2018"]
[Source "ChessBase"]
[SourceDate "2017.10.13"]
[SourceVersion "1"]
[SourceVersionDate "2017.10.13"]
[SourceQuality "1"]
[WhiteTeam "Kiel Doppelbauer (W)"]
[BlackTeam "Muelheim Nord (W) II"]
[WhiteTeamCountry "GER"]
[BlackTeamCountry "GER"]

1. d4 Nf6 2. c4 g6 3. Nc3 d5 4. cxd5 Nxd5 5. e4 Nxc3 6. bxc3 Bg7 7. Bc4 0-0 8. Be3 c5 9. Ne2 Nc6 10. Rb1 cxd4 11. cxd4 Qa5+ 12. Kf1 Qc7 13. Rc1 Qd8 14. h4 a6 15. h5 e5 16. hxg6 hxg6 17. Qd2 Nxd4 18. Nxd4 exd4 19. Bh6 Qf6 20. Bd5 Bd7 21. Bxb7 Bb5+ 22. Kg1 Rab8 0-1

[Event "Villandry Lallemand Memorial op"]
[Site "Villandry"]
[Date "2013.05.11"]
[Round "4"]
[White "Navrotescu, Andreea Cristiana"]
[Black "Wohlers Armas, Friederike"]
[Result "0-1"]
[WhiteElo "2104"]
[BlackElo "2036"]
[PlyCount "90"]
[EventDate "2013.05.11"]
[EventType "swiss (rapid)"]
[EventRounds "9"]
[EventCountry "FRA"]
[SourceTitle "EXT 2014"]
[Source "ChessBase"]
[SourceDate "2013.11.20"]
[SourceVersion "1"]
[SourceVersionDate "2013.11.20"]
[SourceQuality "1"]

1. d4 Nf6 2. Nf3 b5 3. g3 Bb7 4. Bg2 e6 5. 0-0 Be7 6. Qd3 a6 7. Nbd2 0-0 8. e4 c5 9. c3 cxd4 10. cxd4 Nc6 11. e5 Nd5 12. Ne4 h6 13. a3 Rc8 14. b4 Nb6 15. Nc5 Bxc5 16. dxc5 Nd5 17. Bb2 Rb8 18. Nd2 Nce7 19. Ne4 a5 20. bxa5 Qxa5 21. Bc1 Ng6 22. f4 b4 23. Bd2 Ba6 24. Qf3 Bxf1 25. Bxf1 Qc7 26. axb4 Nxb4 27. h4 Nc6 28. h5 Nge7 29. g4 Qb7 30. Bd3 Qb3 31. Nc3 Qb2 32. Rd1 Rb4 33. g5 hxg5 34. fxg5 Nxe5 35. Qe3 Nxd3 36. Qxd3 Rg4+ 37. Kf2 Qb7 38. Rg1 Rxg1 39. Kxg1 Ra8 40. h6 Ra1+ 41. Kf2 Qa6 42. Nb5 Nf5 43. Qxd7 Rb1 44. Qe8+ Kh7 45. Qxe6 fxe6 0-1

[Event "Villandry Lallemand Memorial op"]
[Site "Villandry"]
[Date "2013.05.11"]
[Round "1"]
[White "Wohlers Armas, Friederike"]
[Black "Hernandez, Lara"]
[Result "1-0"]
[WhiteElo "2036"]
[BlackElo "1557"]
[PlyCount "63"]
[EventDate "2013.05.11"]
[EventType "swiss (rapid)"]
[EventRounds "9"]
[EventCountry "FRA"]
[SourceTitle "EXT 2014"]
[Source "ChessBase"]
[SourceDate "2013.11.20"]
[SourceVersion "1"]
[SourceVersionDate "2013.11.20"]
[SourceQuality "1"]

1. d4 Nf6 2. c4 g6 3. Nc3 Bg7 4. e4 d6 5. f3 0-0 6. Be3 c5 7. d5 e6 8. Bd3 exd5 9. cxd5 Nbd7 10. Nge2 Ne5 11. 0-0 a6 12. Rb1 b5 13. b4 c4 14. Bc2 Re8 15. a4 Bd7 16. axb5 axb5 17. Nd4 Qb8 18. h3 Ra3 19. Qd2 Bc8 20. Ndxb5 Ra6 21. Nd4 Rb6 22. b5 Bd7 23. Nc6 Bxc6 24. bxc6 Rxb1 25. Rxb1 Qc8 26. f4 Nf3+ 27. gxf3 Qxh3 28. Nd1 Qxf3 29. Qg2 Qxg2+ 30. Kxg2 Nxe4 31. Bxe4 Rxe4 32. c7 1-0

[Event "FRA-chT Top 12 (Women)"]
[Site "Archamps"]
[Date "2013.02.16"]
[Round "2.3"]
[White "Wohlers Armas, Friederike"]
[Black "Lamoureux, Izabelle"]
[Result "1/2-1/2"]
[WhiteElo "2068"]
[BlackElo "2093"]
[PlyCount "57"]
[EventDate "2013.02.15"]
[EventType "team-swiss"]
[EventRounds "5"]
[EventCountry "FRA"]
[SourceTitle "CBM 152 Extra"]
[Source "ChessBase"]
[SourceDate "2013.02.25"]
[SourceVersion "1"]
[SourceVersionDate "2013.02.25"]
[SourceQuality "1"]
[WhiteTeam "Naujac (W)"]
[BlackTeam "Annemasse (W)"]
[WhiteTeamCountry "FRA"]
[BlackTeamCountry "FRA"]

1. d4 d5 2. c4 Bf5 3. cxd5 Bxb1 4. Qa4+ c6 5. Rxb1 Qxd5 6. Nf3 e6 7. b4 Qb5 8. Qxb5 cxb5 9. e4 a6 10. Bd3 Nc6 11. a3 Nf6 12. h3 Be7 13. Be3 0-0 14. 0-0 Rfd8 15. Rfd1 Rd7 16. g4 h6 17. Ne5 Nxe5 18. dxe5 Ne8 19. Be2 Rxd1+ 20. Rxd1 Rd8 21. Rxd8 Bxd8 22. f4 Bh4 23. Bd2 Nc7 24. Kg2 Na8 25. Kf3 Nb6 26. Ke3 Kf8 27. Bc3 Ke8 28. Kd3 Bg3 29. Bd2 1/2-1/2

[Event "FRA-chT Top 12 (Women)"]
[Site "Archamps"]
[Date "2013.02.15"]
[Round "1.6"]
[White "Wohlers Armas, Friederike"]
[Black "Del Valle, Clemence"]
[Result "1-0"]
[WhiteElo "2068"]
[BlackElo "1648"]
[PlyCount "79"]
[EventDate "2013.02.15"]
[EventType "team-swiss"]
[EventRounds "5"]
[EventCountry "FRA"]
[SourceTitle "CBM 152 Extra"]
[Source "ChessBase"]
[SourceDate "2013.02.25"]
[SourceVersion "1"]
[SourceVersionDate "2013.02.25"]
[SourceQuality "1"]
[WhiteTeam "Naujac (W)"]
[BlackTeam "Vaucluse (W)"]
[WhiteTeamCountry "FRA"]
[BlackTeamCountry "FRA"]

1. d4 d5 2. c4 e6 3. Nc3 Nf6 4. Bg5 Nbd7 5. e3 Be7 6. Nf3 0-0 7. Qc2 b6 8. cxd5 Nxd5 9. Bxe7 Qxe7 10. Nxd5 exd5 11. Qxc7 Qb4+ 12. Qc3 Qd6 13. Bd3 Re8 14. Qc2 h6 15. 0-0 Nf6 16. Rac1 Re7 17. Qc6 Qxc6 18. Rxc6 Bb7 19. Rc2 a6 20. Rfc1 Kf8 21. Nh4 Ne4 22. Nf5 Rd7 23. f3 Ng5 24. Rc7 Rad8 25. Kf2 Ne6 26. Rxd7 Rxd7 27. h4 h5 28. Ng3 g6 29. Ne2 Kg7 30. g3 f5 31. Rc3 Kf6 32. Ra3 a5 33. Rc3 Re7 34. Rb3 b5 35. Bxb5 Rc7 36. Bd3 Ba8 37. Rb6 Rc6 38. Rb5 Ra6 39. Nc3 Nc7 40. Rc5 1-0

[Event "FRA-ch rapid (Women) "]
[Site "Montpellier"]
[Date "2012.05.20"]
[Round "6"]
[White "Wohlers Armas, Friederike"]
[Black "Bollengier, Andreea"]
[Result "0-1"]
[WhiteElo "2066"]
[BlackElo "2253"]
[PlyCount "78"]
[EventDate "2012.05.19"]
[EventType "swiss (rapid)"]
[EventRounds "9"]
[EventCountry "FRA"]
[SourceTitle "EXT 2013"]
[Source "ChessBase"]
[SourceDate "2012.11.22"]
[SourceVersion "1"]
[SourceVersionDate "2012.11.22"]
[SourceQuality "1"]

1. d4 d5 2. Nf3 Nf6 3. e3 a6 4. Bd3 e6 5. 0-0 c5 6. c3 Nc6 7. Nbd2 Bd6 8. dxc5 Bxc5 9. e4 dxe4 10. Nxe4 Nxe4 11. Bxe4 0-0 12. Bxc6 bxc6 13. Ne5 Qc7 14. Qe2 Bd6 15. f4 a5 16. c4 a4 17. Bd2 Rb8 18. Bc3 Ba6 19. Rab1 Rfe8 20. b3 axb3 21. axb3 f6 22. Nd3 c5 23. Qg4 Kh8 24. Rfe1 Qf7 25. Rf1 Bb7 26. Ne5 Qe7 27. Nd3 Be4 28. Qe2 Qb7 29. Rb2 Qc6 30. Re1 Bxd3 31. Qxd3 Bxf4 32. Rf2 Qc7 33. g3 Bg5 34. h4 Bh6 35. Ba1 e5 36. g4 Bf4 37. Rfe2 Red8 38. Qf3 Qb7 39. Qxf4 exf4 0-1

[Event "Lallemand Memorial"]
[Site "Chalons en Champagne"]
[Date "2011.05.21"]
[Round "3"]
[White "Safranska, Anda"]
[Black "Wohlers Armas, Friederike"]
[Result "1/2-1/2"]
[WhiteElo "2229"]
[BlackElo "2043"]
[PlyCount "85"]
[EventDate "2011.05.21"]
[EventType "swiss (rapid)"]
[EventRounds "9"]
[EventCountry "FRA"]
[SourceTitle "CBM 142 Extra"]
[Source "ChessBase"]
[SourceDate "2011.06.27"]
[SourceVersion "1"]
[SourceVersionDate "2011.06.27"]
[SourceQuality "1"]

1. Nf3 g6 2. g3 Bg7 3. Bg2 c6 4. 0-0 d5 5. d3 Nh6 6. Nbd2 0-0 7. e4 Bg4 8. h3 Bxf3 9. Qxf3 dxe4 10. dxe4 Nd7 11. Qe2 f5 12. exf5 Nxf5 13. c3 Ne5 14. Ne4 h6 15. Kh2 Kh7 16. Rd1 Qc7 17. f4 Nf7 18. Nc5 Nd8 19. Qe1 Bf6 20. Be3 Rf7 21. Bf2 e5 22. fxe5 Bxe5 23. Rd3 Re7 24. Ne4 Nf7 25. Kh1 h5 26. Rad1 Rae8 27. Qd2 Qb8 28. Kg1 Kg7 29. Bc5 Rc7 30. Bf2 Rce7 31. g4 Bf4 32. Qc2 hxg4 33. hxg4 N5h6 34. Rd7 Nxg4 35. Rxe7 Rxe7 36. Bd4+ Be5 37. Bc5 Bh2+ 38. Kh1 Qh8 39. Bf3 Bg3+ 40. Kg1 Nge5 41. Bd4 Bf4 42. Qg2 Qh6 43. Rc1 1/2-1/2

[Event "BL2 West 0910 (Women)"]
[Site "Germany"]
[Date "2009.12.06"]
[Round "4.2"]
[White "Wohlers Armas, Friederike"]
[Black "Mass, Elvira"]
[Result "0-1"]
[WhiteElo "2029"]
[BlackElo "1981"]
[PlyCount "120"]
[EventDate "2009.11.07"]
[EventType "team-tourn"]
[EventRounds "7"]
[EventCountry "GER"]
[SourceTitle "CBM 133 Extra"]
[Source "ChessBase"]
[SourceDate "2010.01.05"]
[SourceVersion "1"]
[SourceVersionDate "2010.01.05"]
[SourceQuality "1"]
[WhiteTeam "Kiel Doppelbauer (W)"]
[BlackTeam "Dortmund 1875 (W)"]
[WhiteTeamCountry "GER"]
[BlackTeamCountry "GER"]

1. d4 d5 2. c4 e6 3. Nc3 c6 4. e3 Bd6 5. Nf3 f5 6. Bd3 Nf6 7. 0-0 0-0 8. c5 Bc7 9. h3 Nbd7 10. b4 Ne4 11. Ne2 Qf6 12. Rb1 g5 13. Ne1 Qh6 14. f4 Ndf6 15. Kh2 g4 16. Rb3 Kh8 17. Bxe4 Nxe4 18. Nd3 gxh3 19. gxh3 Ng5 20. Ng1 Rg8 21. Ne5 Bxe5 22. dxe5 Ne4 23. Rb2 Qg6 24. Qf3 Bd7 25. Rg2 Qf7 26. Rxg8+ Rxg8 27. Ne2 Be8 28. Rg1 Rxg1 29. Kxg1 Qg7+ 30. Qg2 Qh6 31. Nd4 a6 32. Nb3 Qh4 33. Kf1 Ng3+ 34. Kg1 Ne4 35. Kf1 Qh5 36. Kg1 Qd1+ 37. Kh2 Bh5 38. Nd4 Qxc1 39. Nxe6 Bg6 40. h4 Qd2 41. Qxd2 Nxd2 42. Nd8 Nf1+ 43. Kg1 Nxe3 44. Nxb7 Nc2 45. a3 Nxa3 46. Nd8 Be8 47. Ne6 Nc2 48. Nc7 Bd7 49. e6 Bxe6 50. Nxe6 Nxb4 51. Nd4 a5 52. Kf2 a4 53. Ke2 a3 54. Kd2 a2 55. Nb3 Na6 56. Na1 Nxc5 57. Kc3 Kg7 58. Kb2 Nd3+ 59. Kxa2 Nxf4 60. Nb3 Kf6 0-1

[Event "FRA-chB (Women)"]
[Site "Nimes"]
[Date "2009.08.20"]
[Round "9"]
[White "Wohlers Armas, Friederike"]
[Black "Armas, Lara Maria"]
[Result "0-1"]
[WhiteElo "2061"]
[BlackElo "1948"]
[PlyCount "44"]
[EventDate "2009.08.10"]
[EventType "tourn"]
[EventRounds "11"]
[EventCountry "FRA"]
[SourceTitle "CBM 132 Extra"]
[Source "ChessBase"]
[SourceDate "2009.11.03"]
[SourceVersion "1"]
[SourceVersionDate "2009.11.03"]
[SourceQuality "1"]

1. d4 d5 2. c4 e6 3. Nc3 Nf6 4. Bg5 Nbd7 5. e3 Be7 6. Qc2 b6 7. cxd5 exd5 8. Nf3 Bb7 9. Bd3 c5 10. Bxf6 Nxf6 11. 0-0 0-0 12. dxc5 bxc5 13. Rfd1 Qc7 14. Rac1 g6 15. Qe2 Rac8 16. Ba6 Rfd8 17. Bxb7 Qxb7 18. b3 Bf8 19. h3 Bh6 20. Qb5 Qxb5 21. Nxb5 a6 22. Na3 d4 0-1